000 01272nam a2200265Ia 4500
001 22278
003 GE_BSU
008 181216s||||||||xx |||||||||||||| ||und||
020 _a9789941272608
040 _cGE_BSU
080 _a339.13(075.8)
100 _aღურწკაია კ. ი., ქუთათელაძე რ., გოგოლაძე მ. შ. [და სხვ.]
245 _aმარკეტინგის საფუძვლები
245 _bლექციების კურსი მაგისტრანტებისა და დოქტორანტებისთვის
245 _cრედაქტორი ე. ბარათაშვილი
250 _aსაქ. ტექნ. უნ-ტი, ბიზნესტექნოლოგიების ფაკ-ტი, ბიზნეს ადმინისტრირების დეპარტამენტი.
260 _aთბილისი
260 _bსაქ. ტექნ. უნ-ტი
260 _c2017
300 _a506 გვ. : ნახ. ; 28 სმ.
541 _h50 ლ.
653 _aეკონომიკა
653 _aმარკეტინგის საფუძვლები
942 _cBK
999 _c55203
_d55203